Countries as Circles - Oceania - Map Quiz - Statistics

General Stats
  • This quiz has been taken 29 times
  • The average score is 8 of 14
Answers on the Map
Answers color-coded by a green-red scale on the quiz's map according to % correct below.
 
Answer Stats
Answer % Correct
Australia
71%
New Zealand
71%
Papua New Guinea
71%
Micronesia
65%
Palau
65%
Marshall Islands
59%
Kiribati
53%
Nauru
53%
Fiji
47%
Solomon Islands
47%
Tonga
47%
Tuvalu
41%
Samoa
35%
Vanuatu
35%
No matching quizzes found
Score Distribution
Percent of People with Each Score
Percentile by Number Answered
Your Score History
You have not taken this quiz